000 00873nam a2200289Ia 4500
005 20250425161857.0
008 250425s9999 xx 000 0 und d
020 _a9682607787
041 _aspa
043 _amx
082 _a658.409
100 _aPORTER, MICHAEL E.
245 0 _aVENTAJA COMPETITIVA: CREACION Y SOSTENIMIENTO DE UN DESEMPEÑO SUPERIOR
250 _a1A ED.
260 _aMéxico
_bCOMPAÑIA EDITORIAL CONTINENTAL
_c1987
260 _aS.L.
300 _a550
500 _aTítulo Traducido: COMPETITIVE ADVANTANGE.CREATING AND SUSTAINING
650 _aESTRATEGIAS COMPETITIVAS
650 _aESTRATEGIAS DE DESARROLLO
650 _aEXITO
650 _aVENTAJA COMPETITIVA
700 _aMARIA ASCENCION DE LA CAMPA PEREZ SEVILLA
_etraductor
710 _aCOMPAÑIA EDITORIAL CONTINENTAL S.A. DE C.V.
942 _c01
010 _a33381
999 _c217978
_d217978